Особенности функционирования иноязычной терминологической лексики в профессиональной речи журналиста; Традиции и инновации в исследовании и преподавании языков

Bibliografische gegevens
Parent link:Традиции и инновации в исследовании и преподавании языков.— 2013.— [С. 139−142]
Hoofdauteur: Савилова С. Л. Светлана Леонидовна
Coauteur: Национальный исследовательский Томский политехнический университет (ТПУ) Институт международного образования и языковой коммуникации (ИМОЯК) Кафедра русского языка и литературы (РЯЛ)
Samenvatting:Заглавие с экрана
Taal:Russisch
Gepubliceerd in: 2013
Onderwerpen:
Online toegang:http://elib.bsu.by/bitstream/123456789/37866/1/%D0%A2%D1%80%D0%B0%D0%B4%D0%B8%D1%86%D0%B8%D0%B8%20%D0%B8%20%D0%B8%D0%BD%D0%BD%D0%BE%D0%B2%D0%B0%D1%86%D0%B8%D0%B8%20%D0%B2%20%D0%B8%D1%81%D1%81%D0%BB%D0%B5%D0%B4%D0%BE%D0%B2%D0%B0%D0%BD%D0%B8%D0%B8%20%D0%B8%20%D0%BF%D1%80%D0%B5%D0%BF%D0%BE%D0%B4%D0%B0%D0%B2%D0%B0%D0%BD%D0%B8%D0%B8%20%D1%8F%D0%B7%D1%8B%D0%BA%D0%BE%D0%B2.pdf#page=139
Formaat: Elektronisch Hoofdstuk
KOHA link:https://koha.lib.tpu.ru/cgi-bin/koha/opac-detail.pl?biblionumber=639205

MARC

LEADER 00000naa0a2200000 4500
001 639205
005 20250530103852.0
035 |a (RuTPU)RU\TPU\network\3624 
035 |a RU\TPU\network\3613 
090 |a 639205 
100 |a 20150225d2013 k y0rusy50 ca 
101 0 |a rus 
102 |a BY 
135 |a drcn ---uucaa 
181 0 |a i  
182 0 |a b 
200 1 |a Особенности функционирования иноязычной терминологической лексики в профессиональной речи журналиста  |f С. Л. Савилова 
203 |a Текст  |c электронный 
300 |a Заглавие с экрана 
320 |a [Библиогр.: с. 139 (4 назв.)] 
463 |t Традиции и инновации в исследовании и преподавании языков  |o сборник материалов республиканского научно-практического семинара с международным участием "Инновационные технологии в современной парадигме языкового образования", 26 октября 2012 г., г. Минск  |f Белорусский государственный университет (БГУ)  |v [С. 139−142]  |d 2013 
610 1 |a электронный ресурс 
610 1 |a труды учёных ТПУ 
610 1 |a иноязычная речь 
610 1 |a лексика 
610 1 |a профессиональная речь 
610 1 |a журналисты 
610 1 |a языки 
610 1 |a взаимовлияние 
700 1 |a Савилова  |b С. Л.  |c филолог  |c преподаватель Томского политехнического университета  |f 1978-  |g Светлана Леонидовна  |3 (RuTPU)RU\TPU\pers\31322 
712 0 2 |a Национальный исследовательский Томский политехнический университет (ТПУ)  |b Институт международного образования и языковой коммуникации (ИМОЯК)  |b Кафедра русского языка и литературы (РЯЛ)  |3 (RuTPU)RU\TPU\col\18974 
801 2 |a RU  |b 63413507  |c 20150225  |g RCR 
850 |a 63413507 
856 4 |u http://elib.bsu.by/bitstream/123456789/37866/1/%D0%A2%D1%80%D0%B0%D0%B4%D0%B8%D1%86%D0%B8%D0%B8%20%D0%B8%20%D0%B8%D0%BD%D0%BD%D0%BE%D0%B2%D0%B0%D1%86%D0%B8%D0%B8%20%D0%B2%20%D0%B8%D1%81%D1%81%D0%BB%D0%B5%D0%B4%D0%BE%D0%B2%D0%B0%D0%BD%D0%B8%D0%B8%20%D0%B8%20%D0%BF%D1%80%D0%B5%D0%BF%D0%BE%D0%B4%D0%B0%D0%B2%D0%B0%D0%BD%D0%B8%D0%B8%20%D1%8F%D0%B7%D1%8B%D0%BA%D0%BE%D0%B2.pdf#page=139 
942 |c CF